Zjednodušenie administratívy do viacerých programov

Náročný administratívny proces čerpania európskych fondov pre záujemcov o poskytovanie financovania sociálnych služieb a sociálnej starostlivosti. Súhlas Európskej komisie so zavedením zjednodušeného administratívneho mechanizmu. Operačný program Ľudské zdroje pre obdobie 2014 až 2020.

Salvato in:
Dettagli Bibliografici
Autore principale: Gossányi, Vojtech
Natura: Capitolo di libro
Lingua:slovacco
Soggetti:
Tags: Aggiungi Tag
Nessun Tag, puoi essere il primo ad aggiungerne!!

MARC

LEADER 00000naa a2200000 4500
001 0200004
005 20231005103810.2
041 0 |a slo 
044 |a SK 
245 1 0 |a Zjednodušenie administratívy do viacerých programov  |c Vojtech Gossányi 
520 |a Náročný administratívny proces čerpania európskych fondov pre záujemcov o poskytovanie financovania sociálnych služieb a sociálnej starostlivosti. Súhlas Európskej komisie so zavedením zjednodušeného administratívneho mechanizmu. Operačný program Ľudské zdroje pre obdobie 2014 až 2020. 
610 2 0 |a ekonomika regionálna 
610 2 0 |a fondy Európskej únie 
610 2 0 |a administratíva 
610 2 0 |a programy operačné 
610 2 0 |a rozvoj regionálny 
610 2 0 |a služby starostlivosti sociálnej 
100 1 |a Gossányi, Vojtech